The Feilding community centre / (Record no. 43502)
[ view plain ]
| 000 -LEADER | |
|---|---|
| fixed length control field | 00724nam a2200229 a 4500 |
| 001 - CONTROL NUMBER | |
| control field | 43502 |
| 003 - CONTROL NUMBER IDENTIFIER | |
| rucl marc code | BD-RjUL |
| 005 - DATE AND TIME OF LATEST TRANSACTION | |
| control field | 20211209053716.0 |
| 008 - FIXED-LENGTH DATA ELEMENTS--GENERAL INFORMATION | |
| fixed length control field | 160622s1945 nz a 000 0 eng |
| 035 ## - SYSTEM CONTROL NUMBER | |
| System control number | (BD-RjUL)43620 |
| 040 ## - CATALOGING SOURCE | |
| Original cataloging agency | DLC |
| Transcribing agency | CarP |
| Modifying agency | DLC |
| -- | BD-RjUL |
| Language of cataloging | eng |
| 041 ## - LANGUAGE CODE | |
| Language code of text/sound track or separate title | eng |
| 082 ## - DEWEY DECIMAL CLASSIFICATION NUMBER | |
| Edition number | 22 |
| Classification number | 374.99356 |
| Author mark and year | CAF 1945 |
| 100 1# - MAIN ENTRY--PERSONAL NAME | |
| Personal name | Campbell, A. E. |
| 9 (RLIN) | 133647 |
| 245 14 - TITLE STATEMENT | |
| Title | The Feilding community centre / |
| Statement of responsibility, etc. | A. E. Campbell. |
| 260 ## - PUBLICATION, DISTRIBUTION, ETC. (IMPRINT) | |
| Place of publication, distribution, etc. | Wellington : |
| Name of publisher, distributor, etc. | New Zealand council for educational research, |
| Date of publication, distribution, etc. | 1945. |
| 300 ## - PHYSICAL DESCRIPTION | |
| Pagination | [8], 79p. : |
| Illustrations | ill. ; |
| Size | 22 cm. |
| 490 ## - SERIES STATEMENT | |
| Series statement | Educational Research Series ; |
| Volume/sequential designation | 21. |
| 610 10 - SUBJECT ADDED ENTRY--CORPORATE NAME | |
| Corporate name or jurisdiction name as entry element | Feilding, New Zealand. |
| 830 ## - SERIES ADDED ENTRY--UNIFORM TITLE | |
| Uniform title | Educational Research Series ; |
| Volume number/sequential designation | 21. |
| 942 ## - ADDED ENTRY ELEMENTS (KOHA) | |
| Source of classification or shelving scheme | Dewey Decimal Classification |
| Koha item type | Books |
| Lost status | Source of classification or shelving scheme | Damaged status | Not for loan | Collection code | Permanent Location | Current Location | Shelving location | Date acquired | Source of acquisition | Cost, normal purchase price | Total Checkouts | Full call number | Date last seen | Copy number | Koha item type |
|---|---|---|---|---|---|---|---|---|---|---|---|---|---|---|---|
| Dewey Decimal Classification | Not For Loan | Non-fiction | Central Library, University of Rajshahi | Central Library, University of Rajshahi | Reading Room | 18/11/1950 | Oxford university press | 310.60 | 374.99356 CAF 1945 | 22/06/2016 | C-1 | Books | |||
| Dewey Decimal Classification | Non-fiction | Central Library, University of Rajshahi | Central Library, University of Rajshahi | 08/09/1955 | B.H. Black Well | 45.60 | 374.99356 CAF 1945 | 22/06/2016 | C-2 | Books |